000 00473nam a2200181Ia 4500
003 GCL
008 140319s9999 xx 000 0 eng d
040 _aGCL /
_cGCL
082 0 4 _a747.77
_bH P
100 1 _aHOW HOW TO INSTITUTE
245 1 0 _aA PORFILIS OF BEDROOM IDEAS /
_cHOW HOW TO INSTITUTE
260 _a[S.N] :
_bCY DECOSSE INCORPORATED ،
_c1995
300 _a96 P
650 0 4 _aBEDROOMS
650 0 4 _aINTERIOR DECORATION
650 0 4 _aARTS
942 _2ddc
_cBK
999 _c14067
_d14067